Suara 2 : gadis
| Format: | Book |
|---|---|
| Published: |
Kuala Lumpur :
Utusan ,
1993
|
| Series: | Siri Hadiah Sastera Utusan Melayu Public Bank 1992
|
| Subjects: |
MARC
| LEADER | 00000cam a2200000 7i4500 | ||
|---|---|---|---|
| 001 | 0000000317 | ||
| 002 | 000000392 | ||
| 005 | 20000330.0 | ||
| 020 | |a T000000092 | ||
| 090 | 0 | 0 | |a 899.2831 |b SUA |
| 245 | 0 | 0 | |a Suara 2 : |b gadis |
| 260 | |a Kuala Lumpur : |b Utusan , |c 1993 | ||
| 300 | |a 99p ; |c 21cm. | ||
| 490 | 0 | |a Siri Hadiah Sastera Utusan Melayu Public Bank 1992 | |
| 650 | 0 | 0 | |a Short stories, Malay |
| 999 | |a 029456 |b BUKU |c PINJAMAN |e PERPUSTAKAAN KOMUNITI PETALING JAYA | ||
| 999 | |a 029457 |b BUKU |c PINJAMAN |e PERPUSTAKAAN KOMUNITI PETALING JAYA | ||